| 000 | 00760nam a22002890a 4500 | ||
|---|---|---|---|
| 001 | PT17573 | ||
| 003 | AR-LpoUNG | ||
| 005 | 20210131232745.0 | ||
| 008 | 191001s2003||||sp |||||||||||||||||spa d | ||
| 020 |
_a8476355564 _c$61.66 |
||
| 040 |
_aAR-LpoUNG _bspa _cAR-LpoUNG _eaacr |
||
| 041 | _aspa | ||
| 044 | _asp | ||
| 082 | 0 | _aR410.3 545dic | |
| 100 | 1 | _aAlvar Ezquerra, Manuel | |
| 245 | 1 | 0 | _aDiccionario de voces de uso actual |
| 260 |
_aMadrid : _bArco, _c2003. |
||
| 300 |
_a1371 p. : _bgráfs. |
||
| 650 | 4 | _aLENGUAJE MODERNO | |
| 650 | 4 | _aLEXICOGRAFIA | |
| 650 | 4 | _aMATERIAL DE REFERENCIA | |
| 650 | 4 | _aTERMINOLOGIA | |
| 651 | 4 | _aDOCUMENTOS TEORICOS O METODOLOGICOS | |
| 653 | _aCAMBIO LINGÜISTICO | ||
| 905 | _a17573 | ||
| 942 | _cLSALA | ||
| 999 |
_c17346 _d17346 |
||